000 00679nam a2200301Ia 4500
005 20260401122202.0
008 008 250103s9999 xx 000 0 eng d
020 _a8125013091
037 _aTB
040 _aEDL
040 _beng
040 _cEDL
041 _2eng
041 _aeng
084 _a891.409 DEV
084 _qEDL
100 _aDevy, G.N.
_91111813
245 0 _aOf Many Heroes: Indian Essay in Literary Historiography
245 0 _cDevy, G.N.
260 _aNew Delhi
260 _bOrient Longman
260 _c1998
300 _a213p
942 _cTB
942 _h891.409 DEV
999 _c1845485
_d1845485